| 000 | 00805nam a22002537a 4500 | ||
|---|---|---|---|
| 005 | 20170123162340.0 | ||
| 010 | _aA-338638 | ||
| 020 | _c40.00 | ||
| 035 | _aA-338638 | ||
| 037 | _bCen Lib/Ret | ||
| 040 |
_aDPL _bUR |
||
| 082 |
_a840 _bا ن ص |
||
| 100 |
_aانصاری، حیات الله _9108766 |
||
| 245 |
_aجدیدیت کی سیر / _cحیات الله انصاری |
||
| 246 |
_aJadeediat ki seer / _bby Hayatulla Ansari |
||
| 260 |
_aلکھنؤ _bکتاب دان _c1987 |
||
| 270 |
_bلکھنؤ _aریور بنک کالونی |
||
| 300 |
_a207p. _c21cm(Hb) |
||
| 650 |
_a ادب - اردو _9126751 |
||
| 650 |
_a اردو تنقید _9126752 |
||
| 650 |
_aLiterature -- Urdu _9126753 |
||
| 650 |
_aUrdu criticism _9126754 |
||
| 942 |
_2ddc _cUR _h840 _mا ن ص |
||
| 999 |
_c108461 _d108461 |
||